Boj s rizikem chudoby jako významný prvek sociální agendy EU
Komparatívna analýza chudoby v sociálnom systéme Českej republiky. Vývoj príjmovej nerovnosti vo vybraných členských štátov EÚ. Dlhodobé tendencie nerovnosti disponibilných príjmov vo vybraných členských štátoch EÚ. Hranice príjmovej chudoby. Miera pracovnej chudoby.
Uložené v:
| Hlavný autor: | |
|---|---|
| Médium: | Kapitola |
| Jazyk: | Czech |
| Predmet: | |
| Tagy: |
Žiadne tagy, Buďte prvý, kto otaguje tento záznam!
|
MARC
| LEADER | 00000naa$a2200000$$$4500 | ||
|---|---|---|---|
| 001 | 0108779 | ||
| 005 | 20220713131025.7 | ||
| 041 | 0 | |a cze | |
| 044 | |a CZ | ||
| 245 | 1 | 0 | |a Boj s rizikem chudoby jako významný prvek sociální agendy EU |c Karel Zeman |
| 520 | |a Komparatívna analýza chudoby v sociálnom systéme Českej republiky. Vývoj príjmovej nerovnosti vo vybraných členských štátov EÚ. Dlhodobé tendencie nerovnosti disponibilných príjmov vo vybraných členských štátoch EÚ. Hranice príjmovej chudoby. Miera pracovnej chudoby. | ||
| 610 | 2 | 0 | |a porovnanie medzinárodné |
| 610 | 2 | 0 | |a politika sociálna |
| 610 | 2 | 0 | |a chudoba |
| 610 | 2 | 0 | |a Česko |
| 610 | 2 | 0 | |a Európska únia |
| 100 | 1 | |a Zeman, Karel | |